[Event "Chessable Masters - Torneo preliminare"]
[White "Xu, Yi"]
[Black "Le, Tuan Minh"]
[WhiteFideId "8605564"]
[BlackFideId "12401153"]
[WhiteElo "2402"]
[BlackElo "2489"]
[Result "0-1"]
[Round "2"]
[TimeControl "600+2"]
[Date "2023.03.13"]
[WhiteClock "0:00:05"]
[BlackClock "0:00:13"]

1. e4 {[%clk 0:10:01]}  c5 {[%clk 0:09:53]} 2. Nf3 {[%clk 0:10:02]}  Nf6 {[%clk 0:09:54]} 3. e5 {[%clk 0:09:36]}  Nd5 {[%clk 0:09:55]} 4. Nc3 {[%clk 0:09:38]}  e6 {[%clk 0:09:49]} 5. Nxd5 {[%clk 0:09:04]}  exd5 {[%clk 0:09:51]} 6. d4 {[%clk 0:09:04]}  Nc6 {[%clk 0:09:52]} 7. dxc5 {[%clk 0:09:03]}  Bxc5 {[%clk 0:09:54]} 8. Qxd5 {[%clk 0:09:03]}  d6 {[%clk 0:09:55]} 9. exd6 {[%clk 0:08:07]}  Qb6 {[%clk 0:09:54]} 10. Qe4+ {[%clk 0:08:08]}  Be6 {[%clk 0:09:54]} 11. Qh4 {[%clk 0:08:07]}  Bxd6 {[%clk 0:09:55]} 12. c3 {[%clk 0:06:46]}  Be7 {[%clk 0:09:30]} 13. Qg3 {[%clk 0:06:11]}  O-O-O {[%clk 0:08:40]} 14. Be2 {[%clk 0:06:06]}  h5 {[%clk 0:08:24]} 15. O-O {[%clk 0:05:33]}  h4 {[%clk 0:08:23]} 16. Qf4 {[%clk 0:05:32]}  g5 {[%clk 0:07:32]} 17. Nxg5 {[%clk 0:04:58]}  Bxg5 {[%clk 0:06:45]} 18. Qxg5 {[%clk 0:05:00]}  Rdg8 {[%clk 0:06:47]} 19. Qe3 {[%clk 0:04:53]}  Qa5 {[%clk 0:05:36]} 20. Bf3 {[%clk 0:04:38]}  Qf5 {[%clk 0:04:38]} 21. Qf4 {[%clk 0:03:41]}  Qg6 {[%clk 0:01:57]} 22. Kh1 {[%clk 0:02:47]}  Rh5 {[%clk 0:01:55]} 23. Be3 {[%clk 0:02:07]}  Rf5 {[%clk 0:01:37]} 24. Be4 {[%clk 0:02:06]}  h3 {[%clk 0:00:40]} 25. g3 {[%clk 0:01:34]}  Bd5 {[%clk 0:00:17]} 26. Bxd5 {[%clk 0:00:34]}  Rxf4 {[%clk 0:00:18]} 27. Bxf4 {[%clk 0:00:35]}  Rd8 {[%clk 0:00:15]} 28. Bf3 {[%clk 0:00:06]}  Rd3 {[%clk 0:00:15]} 29. Bd1 {[%clk 0:00:05]}  Ne7 {[%clk 0:00:07]} 30. Kg1 {[%clk 0:00:05]}  Nd5 {[%clk 0:00:08]} 31. Be5 {[%clk 0:00:02]}  Qe4 {[%clk 0:00:09]} 32. f3 {[%clk 0:00:03]}  Qxe5 {[%clk 0:00:11]} 33. Bc2 {[%clk 0:00:04]}  Qe3+ {[%clk 0:00:12]} 34. Rf2 {[%clk 0:00:05]}  Rd2 {[%clk 0:00:13]} 0-1


[Site "Internet"]

[Event "Chessable Masters - Torneo preliminare"]
[White "Martinez Alcantara, Jose Eduardo"]
[Black "Matinian, Nikita"]
[WhiteFideId "3805662"]
[BlackFideId "24129100"]
[WhiteElo "2643"]
[BlackElo "2326"]
[Result "1-0"]
[Round "2"]
[TimeControl "600+2"]
[Date "2023.03.13"]
[WhiteClock "0:00:08"]
[BlackClock "0:00:03"]

1. e4 {[%clk 0:09:57]}  e5 {[%clk 0:10:01]} 2. Nf3 {[%clk 0:09:57]}  Nc6 {[%clk 0:10:02]} 3. Nc3 {[%clk 0:09:59]}  Nf6 {[%clk 0:10:03]} 4. h3 {[%clk 0:10:00]}  d5 {[%clk 0:09:59]} 5. exd5 {[%clk 0:09:55]}  Nxd5 {[%clk 0:10:01]} 6. Bb5 {[%clk 0:09:55]}  Nxc3 {[%clk 0:09:58]} 7. bxc3 {[%clk 0:09:57]}  Bd6 {[%clk 0:09:59]} 8. d4 {[%clk 0:09:58]}  exd4 {[%clk 0:09:57]} 9. cxd4 {[%clk 0:09:59]}  O-O {[%clk 0:09:58]} 10. O-O {[%clk 0:10:01]}  h6 {[%clk 0:09:39]} 11. c4 {[%clk 0:09:58]}  Qf6 {[%clk 0:09:35]} 12. Re1 {[%clk 0:09:37]}  Bf5 {[%clk 0:09:26]} 13. Be3 {[%clk 0:07:45]}  Rad8 {[%clk 0:08:06]} 14. Bxc6 {[%clk 0:07:04]}  bxc6 {[%clk 0:08:05]} 15. Qe2 {[%clk 0:06:46]}  Rfe8 {[%clk 0:07:40]} 16. c5 {[%clk 0:06:45]}  Bf8 {[%clk 0:06:25]} 17. Nd2 {[%clk 0:05:54]}  Qg6 {[%clk 0:05:47]} 18. Qf3 {[%clk 0:05:46]}  Rd5 {[%clk 0:05:44]} 19. Bf4 {[%clk 0:04:49]}  Rxe1+ {[%clk 0:04:41]} 20. Rxe1 {[%clk 0:04:51]}  Rxd4 {[%clk 0:04:42]} 21. Re8 {[%clk 0:04:52]}  Bd7 {[%clk 0:04:03]} 22. Ra8 {[%clk 0:04:36]}  Qf5 {[%clk 0:03:23]} 23. Be3 {[%clk 0:04:04]}  Qxf3 {[%clk 0:02:28]} 24. Nxf3 {[%clk 0:04:04]}  Rd5 {[%clk 0:02:28]} 25. a4 {[%clk 0:02:46]}  g5 {[%clk 0:02:08]} 26. a5 {[%clk 0:02:25]}  f5 {[%clk 0:01:49]} 27. a6 {[%clk 0:01:58]}  f4 {[%clk 0:01:49]} 28. Bd4 {[%clk 0:01:54]}  g4 {[%clk 0:01:46]} 29. hxg4 {[%clk 0:01:54]}  Bxg4 {[%clk 0:01:48]} 30. Bc3 {[%clk 0:01:28]}  Rd1+ {[%clk 0:01:00]} 31. Kh2 {[%clk 0:01:25]}  Bxf3 {[%clk 0:01:01]} 32. gxf3 {[%clk 0:01:27]}  Rd3 {[%clk 0:01:01]} 33. Be5 {[%clk 0:01:21]}  Rxf3 {[%clk 0:00:42]} 34. Bxc7 {[%clk 0:01:15]}  Kf7 {[%clk 0:00:42]} 35. Kg2 {[%clk 0:00:42]}  Ra3 {[%clk 0:00:40]} 36. Rxa7 {[%clk 0:00:39]}  Ke6 {[%clk 0:00:35]} 37. Bb6 {[%clk 0:00:32]}  Be7 {[%clk 0:00:18]} 38. Ra8 {[%clk 0:00:29]}  f3+ {[%clk 0:00:07]} 39. Kh3 {[%clk 0:00:28]}  Ra1 {[%clk 0:00:04]} 40. a7 {[%clk 0:00:26]}  Bg5 {[%clk 0:00:04]} 41. Re8+ {[%clk 0:00:18]}  Kf5 {[%clk 0:00:05]} 42. Rf8+ {[%clk 0:00:20]}  Ke4 {[%clk 0:00:05]} 43. a8=Q {[%clk 0:00:14]}  Rh1+ {[%clk 0:00:06]} 44. Kg4 {[%clk 0:00:06]}  Rh4+ {[%clk 0:00:03]} 45. Kg3 {[%clk 0:00:08]} 1-0


[Site "Internet"]

[Event "Chessable Masters - Torneo preliminare"]
[White "Cardoso Cardoso, Jose Gabriel"]
[Black "Bluebaum, Matthias"]
[WhiteFideId "4430492"]
[BlackFideId "24651516"]
[WhiteElo "2425"]
[BlackElo "2601"]
[Result "1/2-1/2"]
[Round "2"]
[TimeControl "600+2"]
[Date "2023.03.13"]
[WhiteClock "0:00:24"]
[BlackClock "0:00:26"]

1. d4 {[%clk 0:09:58]}  d5 {[%clk 0:09:59]} 2. c4 {[%clk 0:09:57]}  e6 {[%clk 0:10:01]} 3. Nc3 {[%clk 0:09:57]}  Bb4 {[%clk 0:10:02]} 4. a3 {[%clk 0:09:50]}  Bxc3+ {[%clk 0:10:02]} 5. bxc3 {[%clk 0:09:52]}  Nf6 {[%clk 0:10:03]} 6. e3 {[%clk 0:09:46]}  c6 {[%clk 0:10:05]} 7. cxd5 {[%clk 0:09:26]}  cxd5 {[%clk 0:10:04]} 8. Bd3 {[%clk 0:09:18]}  O-O {[%clk 0:10:02]} 9. Ne2 {[%clk 0:09:08]}  b6 {[%clk 0:10:02]} 10. c4 {[%clk 0:08:54]}  Ba6 {[%clk 0:08:54]} 11. cxd5 {[%clk 0:08:53]}  Qxd5 {[%clk 0:08:52]} 12. O-O {[%clk 0:08:22]}  Bxd3 {[%clk 0:08:38]} 13. Qxd3 {[%clk 0:08:21]}  Nc6 {[%clk 0:08:40]} 14. Rd1 {[%clk 0:07:53]}  Rfd8 {[%clk 0:08:38]} 15. Rb1 {[%clk 0:07:18]}  Ne5 {[%clk 0:07:57]} 16. Qb3 {[%clk 0:06:55]}  Nc4 {[%clk 0:07:34]} 17. f3 {[%clk 0:06:38]}  Rac8 {[%clk 0:07:11]} 18. e4 {[%clk 0:06:32]}  Qa5 {[%clk 0:07:12]} 19. a4 {[%clk 0:06:18]}  e5 {[%clk 0:06:22]} 20. Qb5 {[%clk 0:04:45]}  exd4 {[%clk 0:06:11]} 21. Qxa5 {[%clk 0:04:45]}  Nxa5 {[%clk 0:06:11]} 22. Nxd4 {[%clk 0:04:46]}  Rc4 {[%clk 0:05:27]} 23. Be3 {[%clk 0:04:42]}  Rxa4 {[%clk 0:05:25]} 24. Nf5 {[%clk 0:03:58]}  Rxd1+ {[%clk 0:04:49]} 25. Rxd1 {[%clk 0:03:58]}  h6 {[%clk 0:04:51]} 26. Rd8+ {[%clk 0:03:17]}  Kh7 {[%clk 0:04:52]} 27. Rf8 {[%clk 0:03:19]}  Nc4 {[%clk 0:04:18]} 28. Bxh6 {[%clk 0:03:12]}  Ra1+ {[%clk 0:03:46]} 29. Kf2 {[%clk 0:03:12]}  Ra2+ {[%clk 0:03:48]} 30. Ke1 {[%clk 0:02:39]}  Ra1+ {[%clk 0:03:47]} 31. Ke2 {[%clk 0:02:39]}  Ra2+ {[%clk 0:03:49]} 32. Kd1 {[%clk 0:02:22]}  Rxg2 {[%clk 0:02:31]} 33. Bxg7 {[%clk 0:02:21]}  Rxg7 {[%clk 0:02:28]} 34. Nxg7 {[%clk 0:02:05]}  Kxg7 {[%clk 0:02:30]} 35. Rc8 {[%clk 0:01:46]}  b5 {[%clk 0:02:22]} 36. Ke2 {[%clk 0:01:39]}  a5 {[%clk 0:02:19]} 37. Rc5 {[%clk 0:01:35]}  Na3 {[%clk 0:01:34]} 38. Kd3 {[%clk 0:01:17]}  Nd7 {[%clk 0:01:19]} 39. Rd5 {[%clk 0:00:54]}  Nb6 {[%clk 0:00:51]} 40. Rg5+ {[%clk 0:00:55]}  Kf6 {[%clk 0:00:20]} 41. h4 {[%clk 0:00:56]}  Nd7 {[%clk 0:00:19]} 42. f4 {[%clk 0:00:52]}  a4 {[%clk 0:00:15]} 43. h5 {[%clk 0:00:45]}  b4 {[%clk 0:00:12]} 44. h6 {[%clk 0:00:28]}  Nf8 {[%clk 0:00:13]} 45. Rg8 {[%clk 0:00:26]}  Nh7 {[%clk 0:00:06]} 46. Rg7 {[%clk 0:00:25]}  b3 {[%clk 0:00:07]} 47. Kc3 {[%clk 0:00:23]}  Nb5+ {[%clk 0:00:09]} 48. Kb2 {[%clk 0:00:23]}  Nf8 {[%clk 0:00:10]} 49. e5+ {[%clk 0:00:18]}  Ke7 {[%clk 0:00:10]} 50. f5 {[%clk 0:00:14]}  Nd4 {[%clk 0:00:10]} 51. e6 {[%clk 0:00:13]}  Nxf5 {[%clk 0:00:04]} 52. Rxf7+ {[%clk 0:00:06]}  Kxe6 {[%clk 0:00:05]} 53. Rxf8 {[%clk 0:00:06]}  Nxh6 {[%clk 0:00:07]} 54. Ra8 {[%clk 0:00:07]}  Nf5 {[%clk 0:00:09]} 55. Rxa4 {[%clk 0:00:08]}  Nd6 {[%clk 0:00:10]} 56. Kxb3 {[%clk 0:00:10]}  Kd5 {[%clk 0:00:12]} 57. Ra5+ {[%clk 0:00:10]}  Ke6 {[%clk 0:00:13]} 58. Kb4 {[%clk 0:00:12]}  Nf5 {[%clk 0:00:14]} 59. Kc5 {[%clk 0:00:13]}  Ke5 {[%clk 0:00:15]} 60. Ra1 {[%clk 0:00:14]}  Ke4 {[%clk 0:00:16]} 61. Re1+ {[%clk 0:00:15]}  Kd3 {[%clk 0:00:16]} 62. Re5 {[%clk 0:00:15]}  Ne3 {[%clk 0:00:17]} 63. Re8 {[%clk 0:00:15]}  Nf5 {[%clk 0:00:17]} 64. Kd5 {[%clk 0:00:15]}  Ne3+ {[%clk 0:00:17]} 65. Ke5 {[%clk 0:00:16]}  Nc4+ {[%clk 0:00:19]} 66. Kf4 {[%clk 0:00:18]}  Kd4 {[%clk 0:00:19]} 67. Rd8+ {[%clk 0:00:19]}  Kc5 {[%clk 0:00:20]} 68. Ke4 {[%clk 0:00:20]}  Nd6+ {[%clk 0:00:21]} 69. Kd3 {[%clk 0:00:22]}  Kd5 {[%clk 0:00:22]} 70. Rh8 {[%clk 0:00:23]}  Ke5 {[%clk 0:00:23]} 71. Rh6 {[%clk 0:00:23]}  Nf5 {[%clk 0:00:24]} 72. Rh1 {[%clk 0:00:24]}  Nd6 {[%clk 0:00:25]} 73. Ra1 {[%clk 0:00:24]}  Nf5 {[%clk 0:00:25]} 74. Ra5+ {[%clk 0:00:24]}  Kf4 {[%clk 0:00:26]} 1/2-1/2


[Site "Internet"]

[Event "Chessable Masters - Torneo preliminare"]
[White "Mikaelyan, Arman"]
[Black "Kravtsiv, Martyn"]
[WhiteFideId "13304852"]
[BlackFideId "14113147"]
[WhiteElo "2456"]
[BlackElo "2675"]
[Result "1-0"]
[Round "2"]
[TimeControl "600+2"]
[Date "2023.03.13"]
[WhiteClock "0:02:22"]
[BlackClock "0:00:14"]

1. d4 {[%clk 0:10:00]}  Nf6 {[%clk 0:09:55]} 2. c4 {[%clk 0:09:56]}  e6 {[%clk 0:09:54]} 3. Nc3 {[%clk 0:09:51]}  d5 {[%clk 0:09:52]} 4. Nf3 {[%clk 0:09:44]}  Nbd7 {[%clk 0:09:47]} 5. cxd5 {[%clk 0:09:32]}  exd5 {[%clk 0:09:45]} 6. Bg5 {[%clk 0:09:27]}  Bb4 {[%clk 0:09:31]} 7. e3 {[%clk 0:08:38]}  c5 {[%clk 0:09:25]} 8. dxc5 {[%clk 0:08:29]}  Qa5 {[%clk 0:08:32]} 9. Bxf6 {[%clk 0:07:44]}  Nxf6 {[%clk 0:08:24]} 10. Qd4 {[%clk 0:07:44]}  O-O {[%clk 0:07:53]} 11. Bd3 {[%clk 0:07:40]}  Bxc5 {[%clk 0:07:20]} 12. Qh4 {[%clk 0:07:35]}  Ba3 {[%clk 0:06:09]} 13. Qa4 {[%clk 0:06:15]}  Qxa4 {[%clk 0:05:59]} 14. Nxa4 {[%clk 0:06:17]}  Bd7 {[%clk 0:05:59]} 15. bxa3 {[%clk 0:06:08]}  Bxa4 {[%clk 0:05:58]} 16. Kd2 {[%clk 0:05:59]}  Rfc8 {[%clk 0:05:40]} 17. Nd4 {[%clk 0:05:24]}  g6 {[%clk 0:05:31]} 18. f3 {[%clk 0:05:06]}  Kf8 {[%clk 0:05:28]} 19. g4 {[%clk 0:04:48]}  Nd7 {[%clk 0:05:14]} 20. Rab1 {[%clk 0:04:33]}  b6 {[%clk 0:04:42]} 21. h4 {[%clk 0:04:17]}  Ne5 {[%clk 0:03:48]} 22. h5 {[%clk 0:03:51]}  Nc6 {[%clk 0:02:59]} 23. hxg6 {[%clk 0:03:29]}  hxg6 {[%clk 0:02:57]} 24. Rh7 {[%clk 0:03:08]}  Nxd4 {[%clk 0:02:31]} 25. exd4 {[%clk 0:03:10]}  Be8 {[%clk 0:01:36]} 26. Re1 {[%clk 0:02:56]}  a6 {[%clk 0:00:49]} 27. f4 {[%clk 0:02:47]}  Kg8 {[%clk 0:00:11]} 28. Reh1 {[%clk 0:02:32]}  Rc6 {[%clk 0:00:13]} 29. Rh8+ {[%clk 0:02:20]}  Kg7 {[%clk 0:00:14]} 30. g5 {[%clk 0:02:22]} 1-0


[Site "Internet"]

[Event "Chessable Masters - Torneo preliminare"]
[White "Liang, Awonder"]
[Black "Larino Nieto, David"]
[WhiteFideId "2056437"]
[BlackFideId "2256444"]
[WhiteElo "2508"]
[BlackElo "2496"]
[Result "1-0"]
[Round "2"]
[TimeControl "600+2"]
[Date "2023.03.13"]
[WhiteClock "0:02:28"]
[BlackClock "0:00:05"]

1. e4 {[%clk 0:09:58]}  c6 {[%clk 0:09:57]} 2. Nc3 {[%clk 0:09:52]}  g6 {[%clk 0:09:57]} 3. Nf3 {[%clk 0:09:54]}  d5 {[%clk 0:09:57]} 4. d4 {[%clk 0:09:43]}  Bg7 {[%clk 0:09:38]} 5. h3 {[%clk 0:09:42]}  dxe4 {[%clk 0:09:38]} 6. Nxe4 {[%clk 0:09:44]}  Nf6 {[%clk 0:09:40]} 7. Bd3 {[%clk 0:09:45]}  O-O {[%clk 0:09:40]} 8. O-O {[%clk 0:09:46]}  Qc7 {[%clk 0:08:35]} 9. Re1 {[%clk 0:09:41]}  Nxe4 {[%clk 0:08:25]} 10. Bxe4 {[%clk 0:09:39]}  Nd7 {[%clk 0:08:24]} 11. Qe2 {[%clk 0:09:35]}  e6 {[%clk 0:08:18]} 12. c3 {[%clk 0:09:25]}  c5 {[%clk 0:08:03]} 13. Be3 {[%clk 0:09:25]}  Nf6 {[%clk 0:07:55]} 14. Bc2 {[%clk 0:09:24]}  cxd4 {[%clk 0:05:51]} 15. Bxd4 {[%clk 0:09:23]}  Nd5 {[%clk 0:05:41]} 16. Bxg7 {[%clk 0:09:02]}  Kxg7 {[%clk 0:05:43]} 17. Bb3 {[%clk 0:09:03]}  Nf6 {[%clk 0:05:37]} 18. Rad1 {[%clk 0:08:47]}  b6 {[%clk 0:05:26]} 19. Nd4 {[%clk 0:08:40]}  a6 {[%clk 0:05:00]} 20. Rd3 {[%clk 0:07:42]}  Bb7 {[%clk 0:04:09]} 21. Bxe6 {[%clk 0:07:26]}  Rae8 {[%clk 0:04:05]} 22. Re3 {[%clk 0:07:07]}  Nh5 {[%clk 0:03:25]} 23. Bxf7 {[%clk 0:02:54]}  Rxe3 {[%clk 0:02:04]} 24. Qxe3 {[%clk 0:02:56]}  Kxf7 {[%clk 0:01:37]} 25. Ne6 {[%clk 0:02:55]}  Qd7 {[%clk 0:00:21]} 26. Nxf8 {[%clk 0:02:43]}  Kxf8 {[%clk 0:00:23]} 27. Qe6 {[%clk 0:02:35]}  Qxe6 {[%clk 0:00:08]} 28. Rxe6 {[%clk 0:02:37]}  Bxg2 {[%clk 0:00:09]} 29. Rxb6 {[%clk 0:02:38]}  Bxh3 {[%clk 0:00:09]} 30. Rxa6 {[%clk 0:02:38]}  Bf5 {[%clk 0:00:04]} 31. a4 {[%clk 0:02:38]}  Nf4 {[%clk 0:00:05]} 32. a5 {[%clk 0:02:39]}  h5 {[%clk 0:00:06]} 33. Rb6 {[%clk 0:02:33]}  Nd5 {[%clk 0:00:06]} 34. Rb7 {[%clk 0:02:31]}  Be4 {[%clk 0:00:03]} 35. a6 {[%clk 0:02:32]}  Nf6 {[%clk 0:00:04]} 36. Rb8+ {[%clk 0:02:30]}  Kg7 {[%clk 0:00:05]} 37. a7 {[%clk 0:02:32]}  h4 {[%clk 0:00:03]} 38. b4 {[%clk 0:02:24]}  h3 {[%clk 0:00:03]} 39. a8=Q {[%clk 0:02:24]}  Bxa8 {[%clk 0:00:04]} 40. Rxa8 {[%clk 0:02:26]}  g5 {[%clk 0:00:05]} 41. b5 {[%clk 0:02:27]}  Ne4 {[%clk 0:00:04]} 42. b6 {[%clk 0:02:27]}  Nd2 {[%clk 0:00:04]} 43. b7 {[%clk 0:02:27]}  Nf3+ {[%clk 0:00:05]} 44. Kh1 {[%clk 0:02:28]} 1-0


[Site "Internet"]

[Event "Chessable Masters - Torneo preliminare"]
[White "Pap, Gyula"]
[Black "Giri, Anish"]
[WhiteFideId "725323"]
[BlackFideId "24116068"]
[WhiteElo "2563"]
[BlackElo "2714"]
[Result "1/2-1/2"]
[Round "2"]
[TimeControl "600+2"]
[Date "2023.03.13"]
[WhiteClock "0:00:24"]
[BlackClock "0:03:59"]

1. d4 {[%clk 0:09:57]}  Nf6 {[%clk 0:09:58]} 2. c3 {[%clk 0:09:56]}  g6 {[%clk 0:09:45]} 3. Bg5 {[%clk 0:09:51]}  Bg7 {[%clk 0:09:41]} 4. e3 {[%clk 0:09:47]}  h6 {[%clk 0:09:41]} 5. Bh4 {[%clk 0:09:29]}  d6 {[%clk 0:09:41]} 6. Nf3 {[%clk 0:09:28]}  O-O {[%clk 0:09:08]} 7. Be2 {[%clk 0:09:27]}  Qe8 {[%clk 0:09:09]} 8. O-O {[%clk 0:08:41]}  e5 {[%clk 0:09:10]} 9. a4 {[%clk 0:08:40]}  a5 {[%clk 0:09:09]} 10. Na3 {[%clk 0:08:32]}  Bd7 {[%clk 0:08:02]} 11. Nb5 {[%clk 0:08:01]}  Na6 {[%clk 0:07:18]} 12. dxe5 {[%clk 0:05:49]}  dxe5 {[%clk 0:07:18]} 13. Nxe5 {[%clk 0:05:51]}  Qxe5 {[%clk 0:07:19]} 14. Bxf6 {[%clk 0:05:51]}  Qxf6 {[%clk 0:07:17]} 15. Qxd7 {[%clk 0:05:47]}  Rfd8 {[%clk 0:07:06]} 16. Qg4 {[%clk 0:05:36]}  Rd2 {[%clk 0:07:05]} 17. Rab1 {[%clk 0:05:10]}  h5 {[%clk 0:05:30]} 18. Qf3 {[%clk 0:04:30]}  c6 {[%clk 0:05:29]} 19. Na3 {[%clk 0:04:27]}  Nc5 {[%clk 0:05:27]} 20. Nc4 {[%clk 0:04:23]}  Rdd8 {[%clk 0:05:19]} 21. Qxf6 {[%clk 0:03:53]}  Bxf6 {[%clk 0:05:21]} 22. Ra1 {[%clk 0:03:48]}  Nb3 {[%clk 0:04:36]} 23. Ra3 {[%clk 0:02:01]}  Nd2 {[%clk 0:04:31]} 24. Re1 {[%clk 0:01:47]}  Be7 {[%clk 0:04:24]} 25. Raa1 {[%clk 0:01:24]}  Nxc4 {[%clk 0:04:24]} 26. Bxc4 {[%clk 0:01:25]}  Rd2 {[%clk 0:04:26]} 27. Re2 {[%clk 0:01:03]}  Rad8 {[%clk 0:04:24]} 28. Rxd2 {[%clk 0:00:57]}  Rxd2 {[%clk 0:04:24]} 29. Rb1 {[%clk 0:00:59]}  Kg7 {[%clk 0:03:56]} 30. Kf1 {[%clk 0:01:00]}  f5 {[%clk 0:03:48]} 31. Ke1 {[%clk 0:01:00]}  Rd8 {[%clk 0:03:49]} 32. Ke2 {[%clk 0:00:52]}  h4 {[%clk 0:03:51]} 33. b4 {[%clk 0:00:37]}  axb4 {[%clk 0:03:50]} 34. cxb4 {[%clk 0:00:39]}  b5 {[%clk 0:03:43]} 35. axb5 {[%clk 0:00:23]}  cxb5 {[%clk 0:03:45]} 36. Bxb5 {[%clk 0:00:23]}  Rb8 {[%clk 0:03:46]} 37. Bd3 {[%clk 0:00:14]}  Rxb4 {[%clk 0:03:47]} 38. Rxb4 {[%clk 0:00:15]}  Bxb4 {[%clk 0:03:48]} 39. g3 {[%clk 0:00:15]}  hxg3 {[%clk 0:03:49]} 40. hxg3 {[%clk 0:00:17]}  Kf6 {[%clk 0:03:50]} 41. f4 {[%clk 0:00:17]}  g5 {[%clk 0:03:51]} 42. Kf3 {[%clk 0:00:18]}  gxf4 {[%clk 0:03:52]} 43. exf4 {[%clk 0:00:18]}  Bd6 {[%clk 0:03:53]} 44. Bc2 {[%clk 0:00:18]}  Bc5 {[%clk 0:03:54]} 45. Bb1 {[%clk 0:00:19]}  Bd6 {[%clk 0:03:55]} 46. Bc2 {[%clk 0:00:21]}  Bc5 {[%clk 0:03:57]} 47. Bb1 {[%clk 0:00:22]}  Bd6 {[%clk 0:03:59]} 48. Bc2 {[%clk 0:00:24]} 1/2-1/2


[Site "Internet"]

[Event "Chessable Masters - Torneo preliminare"]
[White "Erigaisi, Arjun"]
[Black "Neiksans, Arturs"]
[WhiteFideId "35009192"]
[BlackFideId "11601388"]
[WhiteElo "2685"]
[BlackElo "2553"]
[Result "1-0"]
[Round "2"]
[TimeControl "600+2"]
[Date "2023.03.13"]
[WhiteClock "0:07:14"]
[BlackClock "0:02:25"]

1. d4 {[%clk 0:10:01]}  Nf6 {[%clk 0:09:52]} 2. c4 {[%clk 0:10:02]}  e6 {[%clk 0:09:53]} 3. Nc3 {[%clk 0:10:03]}  Bb4 {[%clk 0:09:53]} 4. f3 {[%clk 0:10:04]}  c5 {[%clk 0:09:51]} 5. d5 {[%clk 0:10:05]}  exd5 {[%clk 0:08:50]} 6. cxd5 {[%clk 0:10:06]}  d6 {[%clk 0:08:51]} 7. e4 {[%clk 0:10:04]}  a6 {[%clk 0:08:46]} 8. a4 {[%clk 0:09:59]}  Nbd7 {[%clk 0:08:44]} 9. Nh3 {[%clk 0:09:49]}  O-O {[%clk 0:08:29]} 10. Be2 {[%clk 0:09:41]}  Ne5 {[%clk 0:08:26]} 11. Nf2 {[%clk 0:09:41]}  Rb8 {[%clk 0:08:21]} 12. O-O {[%clk 0:09:40]}  Bd7 {[%clk 0:08:11]} 13. g4 {[%clk 0:08:49]}  b5 {[%clk 0:07:34]} 14. g5 {[%clk 0:08:49]}  Ne8 {[%clk 0:07:34]} 15. f4 {[%clk 0:08:50]}  Nc4 {[%clk 0:07:35]} 16. axb5 {[%clk 0:08:47]}  axb5 {[%clk 0:07:34]} 17. Bxc4 {[%clk 0:08:32]}  bxc4 {[%clk 0:07:35]} 18. f5 {[%clk 0:08:34]}  f6 {[%clk 0:06:17]} 19. h4 {[%clk 0:08:09]}  Rb7 {[%clk 0:04:55]} 20. g6 {[%clk 0:07:54]}  hxg6 {[%clk 0:03:53]} 21. fxg6 {[%clk 0:07:56]}  f5 {[%clk 0:03:54]} 22. Bg5 {[%clk 0:07:56]}  Nf6 {[%clk 0:03:55]} 23. Bxf6 {[%clk 0:07:47]}  Qxf6 {[%clk 0:03:17]} 24. Qh5 {[%clk 0:07:49]}  Re8 {[%clk 0:03:18]} 25. exf5 {[%clk 0:07:22]}  Bxc3 {[%clk 0:02:56]} 26. bxc3 {[%clk 0:07:24]}  Re3 {[%clk 0:02:26]} 27. Ra8+ {[%clk 0:07:13]}  Be8 {[%clk 0:02:25]} 28. Qh7+ {[%clk 0:07:14]} 1-0


[Site "Internet"]

[Event "Chessable Masters - Torneo preliminare"]
[White "Fressinet, Laurent"]
[Black "Durarbayli, Vasif"]
[WhiteFideId "608742"]
[BlackFideId "13402935"]
[WhiteElo "2689"]
[BlackElo "2531"]
[Result "0-1"]
[Round "2"]
[TimeControl "600+2"]
[Date "2023.03.13"]
[WhiteClock "0:00:18"]
[BlackClock "0:00:17"]

1. d4 {[%clk 0:08:32]}  Nf6 {[%clk 0:09:48]} 2. Nf3 {[%clk 0:08:33]}  e6 {[%clk 0:09:49]} 3. Bg5 {[%clk 0:08:32]}  h6 {[%clk 0:09:46]} 4. Bh4 {[%clk 0:08:32]}  c5 {[%clk 0:09:45]} 5. e3 {[%clk 0:08:10]}  d5 {[%clk 0:09:39]} 6. Nbd2 {[%clk 0:08:08]}  Nbd7 {[%clk 0:09:35]} 7. c3 {[%clk 0:08:03]}  Bd6 {[%clk 0:09:21]} 8. Bd3 {[%clk 0:07:57]}  O-O {[%clk 0:09:01]} 9. O-O {[%clk 0:07:54]}  b6 {[%clk 0:09:01]} 10. Qe2 {[%clk 0:07:41]}  Bb7 {[%clk 0:08:44]} 11. e4 {[%clk 0:07:26]}  dxe4 {[%clk 0:08:39]} 12. Bxe4 {[%clk 0:07:16]}  Qc7 {[%clk 0:08:11]} 13. Bxb7 {[%clk 0:07:13]}  Qxb7 {[%clk 0:08:12]} 14. Nc4 {[%clk 0:07:07]}  Be7 {[%clk 0:08:10]} 15. Rfd1 {[%clk 0:06:52]}  Rfd8 {[%clk 0:07:04]} 16. a4 {[%clk 0:06:31]}  Rac8 {[%clk 0:06:27]} 17. a5 {[%clk 0:06:06]}  cxd4 {[%clk 0:06:07]} 18. Nxd4 {[%clk 0:05:25]}  Qa6 {[%clk 0:04:53]} 19. Ne3 {[%clk 0:03:25]}  Qxe2 {[%clk 0:04:47]} 20. Nxe2 {[%clk 0:03:27]}  Nc5 {[%clk 0:04:21]} 21. Rxd8+ {[%clk 0:03:21]}  Bxd8 {[%clk 0:03:54]} 22. axb6 {[%clk 0:03:21]}  axb6 {[%clk 0:03:03]} 23. Nd4 {[%clk 0:03:09]}  Nd3 {[%clk 0:02:52]} 24. Nd1 {[%clk 0:02:57]}  e5 {[%clk 0:02:11]} 25. Nf5 {[%clk 0:02:47]}  Nd5 {[%clk 0:01:42]} 26. Bg3 {[%clk 0:02:07]}  Bg5 {[%clk 0:01:36]} 27. Kf1 {[%clk 0:01:27]}  Rd8 {[%clk 0:01:32]} 28. h4 {[%clk 0:01:14]}  Bc1 {[%clk 0:01:18]} 29. Rb1 {[%clk 0:00:41]}  g6 {[%clk 0:01:10]} 30. Nfe3 {[%clk 0:00:37]}  Bxe3 {[%clk 0:00:37]} 31. Nxe3 {[%clk 0:00:37]}  Nxe3+ {[%clk 0:00:38]} 32. fxe3 {[%clk 0:00:39]}  f5 {[%clk 0:00:39]} 33. Ke2 {[%clk 0:00:38]}  b5 {[%clk 0:00:33]} 34. e4 {[%clk 0:00:29]}  fxe4 {[%clk 0:00:33]} 35. Ke3 {[%clk 0:00:29]}  Kf7 {[%clk 0:00:11]} 36. Kxe4 {[%clk 0:00:30]}  Ke6 {[%clk 0:00:12]} 37. Ke3 {[%clk 0:00:31]}  Nc5 {[%clk 0:00:11]} 38. Ke2 {[%clk 0:00:28]}  Nb3 {[%clk 0:00:10]} 39. Rd1 {[%clk 0:00:24]}  Rxd1 {[%clk 0:00:12]} 40. Kxd1 {[%clk 0:00:25]}  e4 {[%clk 0:00:10]} 41. Ke2 {[%clk 0:00:23]}  Kd5 {[%clk 0:00:07]} 42. Ke3 {[%clk 0:00:22]}  Nc5 {[%clk 0:00:08]} 43. Bf4 {[%clk 0:00:22]}  h5 {[%clk 0:00:09]} 44. Bg3 {[%clk 0:00:21]}  Na4 {[%clk 0:00:07]} 45. Kf4 {[%clk 0:00:21]}  Nxb2 {[%clk 0:00:08]} 46. Kg5 {[%clk 0:00:21]}  Nd1 {[%clk 0:00:06]} 47. Be1 {[%clk 0:00:22]}  Ne3 {[%clk 0:00:04]} 48. g3 {[%clk 0:00:19]}  Nc2 {[%clk 0:00:05]} 49. Bd2 {[%clk 0:00:14]}  e3 {[%clk 0:00:07]} 50. Bxe3 {[%clk 0:00:14]}  Nxe3 {[%clk 0:00:08]} 51. Kxg6 {[%clk 0:00:14]}  Kc4 {[%clk 0:00:04]} 52. Kxh5 {[%clk 0:00:15]}  Kxc3 {[%clk 0:00:05]} 53. Kg6 {[%clk 0:00:13]}  b4 {[%clk 0:00:07]} 54. h5 {[%clk 0:00:14]}  b3 {[%clk 0:00:08]} 55. h6 {[%clk 0:00:15]}  b2 {[%clk 0:00:10]} 56. h7 {[%clk 0:00:16]}  b1=Q+ {[%clk 0:00:12]} 57. Kg7 {[%clk 0:00:15]}  Qb7+ {[%clk 0:00:14]} 58. Kg8 {[%clk 0:00:15]}  Qc8+ {[%clk 0:00:15]} 59. Kg7 {[%clk 0:00:16]}  Qd7+ {[%clk 0:00:17]} 60. Kg8 {[%clk 0:00:17]}  Qe8+ {[%clk 0:00:18]} 61. Kg7 {[%clk 0:00:18]}  Qe5+ {[%clk 0:00:13]} 62. Kg8 {[%clk 0:00:16]}  Qxg3+ {[%clk 0:00:13]} 63. Kf7 {[%clk 0:00:16]}  Qc7+ {[%clk 0:00:13]} 64. Kg8 {[%clk 0:00:17]}  Qd8+ {[%clk 0:00:15]} 65. Kg7 {[%clk 0:00:17]}  Nf5+ {[%clk 0:00:16]} 66. Kg6 {[%clk 0:00:18]}  Qh8 {[%clk 0:00:17]} 0-1


[Site "Internet"]